书目信息 |
| 题名: |
自动化生产线安装与调试
|
|
| 作者: | 何用辉 编著 | |
| 分册: | ||
| 出版信息: | 北京 机械工业出版社 2021.12 |
|
| 页数: | 277页 | |
| 开本: | 26cm | |
| 丛书名: | ||
| 单 册: | ||
| 中图分类: | TP278 | |
| 科图分类: | ||
| 主题词: | 自动生产线--安装--高等职业教育--教材 , 自动生产线--调试方法--高等职业教育--教材 | |
| 电子资源: | ||
| ISBN: | 978-7-111-69557-8 | |
| 000 | 01114nam0 2200265 450 | |
| 001 | 2352512002 | |
| 005 | 20231219143555.82 | |
| 010 | @a978-7-111-69557-8@d69.00CNY | |
| 100 | @a20220427d2021 em y0chiy0120 ea | |
| 101 | 0 | @achi |
| 102 | @aCN@b110000 | |
| 105 | @aa z 000yy | |
| 200 | 1 | @a自动化生产线安装与调试@Azi dong hua sheng chan xian an zhuang yu tiao shi@b专著@f何用辉等编著 |
| 205 | @a3版 | |
| 210 | @a北京@c机械工业出版社@d2021.12 | |
| 215 | @a277页@c图,照片@d26cm | |
| 300 | @a“十二五”职业教育国家规划教材 首届全国机械行业职业教育精品教材 双色印刷·新形态 机工教育 | |
| 304 | @a封面编著者责任方式题:主编 | |
| 330 | @a本书以S7-200 SMART系列PLC控制的典型自动化生产线为载体,主要内容包括自动化生产线认知、自动化生产线核心技术应用、自动化生产线组成单元安装与调试、自动化生产线系统安装与调试、自动化生产线人机界面设计与调试、工业机器人及柔性制造系统应用。 | |
| 606 | 0 | @a自动生产线@x安装@x高等职业教育@j教材 |
| 606 | 0 | @a自动生产线@x调试方法@x高等职业教育@j教材 |
| 690 | @aTP278@v5 | |
| 701 | 0 | @a何用辉@Ahe yong hui@4编著 |
| 801 | 2 | @aCN@b辽宁北配@c20231205 |
| 905 | @aBZT@dTP278@e3=3 | |
| 自动化生产线安装与调试/何用辉等编著.-3版.-北京:机械工业出版社,2021.12 |
| 277页:图,照片;26cm |
| “十二五”职业教育国家规划教材 首届全国机械行业职业教育精品教材 双色印刷·新形态 机工教育 |
| ISBN 978-7-111-69557-8:69.00CNY |
| 本书以S7-200 SMART系列PLC控制的典型自动化生产线为载体,主要内容包括自动化生产线认知、自动化生产线核心技术应用、自动化生产线组成单元安装与调试、自动化生产线系统安装与调试、自动化生产线人机界面设计与调试、工业机器人及柔性制造系统应用。 |
| ● |
| 相关链接 |
|
|
|
正题名:自动化生产线安装与调试
索取号:TP278/3=3
 
预约/预借
| 序号 | 登录号 | 条形码 | 馆藏地/架位号 | 状态 | 备注 |
| 1 | 2001601600 | 2001601600 | 辽三/辽宁北配(第三批)/2206/ [索取号:TP278/3=3] | 在馆 | |
| 2 | 2001601601 | 2001601601 | 辽三/辽宁北配(第三批)/2206/ [索取号:TP278/3=3] | 在馆 | |
| 3 | 2001601602 | 2001601602 | 辽三/辽宁北配(第三批)/2206/ [索取号:TP278/3=3] | 在馆 | |
| 4 | 2001601603 | 2001601603 | 辽三/辽宁北配(第三批)/2206/ [索取号:TP278/3=3] | 在馆 | |
| 5 | 2001601604 | 2001601604 | 辽三/辽宁北配(第三批)/2206/ [索取号:TP278/3=3] | 在馆 | |
| 6 | 2001601605 | 2001601605 | 辽三/辽宁北配(第三批)/2206/ [索取号:TP278/3=3] | 在馆 | |
| 7 | 2001601606 | 2001601606 | 辽三/辽宁北配(第三批)/2206/ [索取号:TP278/3=3] | 在馆 | |
| 8 | 2001601607 | 2001601607 | 辽三/辽宁北配(第三批)/2206/ [索取号:TP278/3=3] | 在馆 | |
| 9 | 2001601608 | 2001601608 | 辽三/辽宁北配(第三批)/2206/ [索取号:TP278/3=3] | 在馆 | |
| 10 | 2001601609 | 2001601609 | 辽三/辽宁北配(第三批)/2206/ [索取号:TP278/3=3] | 在馆 | |
| 11 | 2001601610 | 2001601610 | 辽三/辽宁北配(第三批)/2206/ [索取号:TP278/3=3] | 在馆 | |
| 12 | 2001601611 | 2001601611 | 辽三/辽宁北配(第三批)/2206/ [索取号:TP278/3=3] | 在馆 | |
| 13 | 2001601612 | 2001601612 | 辽三/辽宁北配(第三批)/2206/ [索取号:TP278/3=3] | 在馆 | |
| 14 | 2001601613 | 2001601613 | 辽三/辽宁北配(第三批)/2206/ [索取号:TP278/3=3] | 在馆 | |
| 15 | 2001601614 | 2001601614 | 辽三/辽宁北配(第三批)/2206/ [索取号:TP278/3=3] | 在馆 | |
| 16 | 2001601615 | 2001601615 | 辽三/辽宁北配(第三批)/2206/ [索取号:TP278/3=3] | 在馆 | |
| 17 | 2001601616 | 2001601616 | 辽三/辽宁北配(第三批)/2206/ [索取号:TP278/3=3] | 在馆 | |
| 18 | 2001601617 | 2001601617 | 辽三/辽宁北配(第三批)/2206/ [索取号:TP278/3=3] | 在馆 | |
| 19 | 2001601618 | 2001601618 | 辽三/辽宁北配(第三批)/2206/ [索取号:TP278/3=3] | 在馆 | |
| 20 | 2001601619 | 2001601619 | 辽三/辽宁北配(第三批)/2206/ [索取号:TP278/3=3] | 在馆 | |
| 21 | 2001601620 | 2001601620 | 辽三/辽宁北配(第三批)/2206/ [索取号:TP278/3=3] | 在馆 | |
| 22 | 2001601621 | 2001601621 | 辽三/辽宁北配(第三批)/2206/ [索取号:TP278/3=3] | 在馆 |